Historia General del Derecho. (Derecho Romano - Derecho Común - Derecho Positivo)
Gespeichert in:
| 1. Verfasser: | |
|---|---|
| Format: | Buch |
| Veröffentlicht: |
Lima, Perú:
Universidad de Lima,
1999.
|
| Schlagworte: | |
| Tags: |
Tag hinzufügen
Keine Tags, Fügen Sie den ersten Tag hinzu!
|
MARC
| LEADER | 00000nam a22000007a 4500 | ||
|---|---|---|---|
| 003 | CL-VaPUC | ||
| 005 | 20231019165354.0 | ||
| 008 | 220803t1999 ||||| |||| 00| 0 eng d | ||
| 999 | |c 437911 |d 437909 | ||
| 040 | |c Pontificia Universidad Católica de Valparaíso | ||
| 082 | 7 | |a 340.09 ALT 1999 |2 22 | |
| 100 | |a Altuve-Febres Lores, Fernán |e autor |9 470070 | ||
| 245 | |a Historia General del Derecho. |b (Derecho Romano - Derecho Común - Derecho Positivo) | ||
| 260 | |a Lima, Perú: |b Universidad de Lima, |c 1999. | ||
| 300 | |a sin paginación. | ||
| 490 | |n 301. | ||
| 500 | |a c.1 Donación Familia Prof. Alejandro Guzmán Brito. | ||
| 583 | |c 20220803 |k Catalogador Asistente | ||
| 650 | |a Derecho romano |x Historia |9 866196 | ||
| 650 | |a Derecho común |x Historia |9 874972 | ||
| 650 | |a Derecho positivo |x Historia |9 874973 | ||
| 942 | |2 ddc |c BK |n 0 | ||
| 952 | |0 0 |1 0 |2 ddc |4 0 |6 340_090000000000000_ALT_1999 |7 0 |8 C_AGB |9 585764 |a BIBDER |b BIBDER |d 2022-08-03 |e Donación |i 5653760 |o 340.09 ALT 1999 |p 5653760 |r 2023-01-25 |t 1 |w 2022-08-03 |y BK_US |k AGB | ||